00909 2200301 4500001002100000005001700021008004100038035002400079082001100103090001800114100002100132245014000153250001000293260003600303300001900339500006500358500003000423500001100453650002400464700001800488700002300506850001500529980001500544985000600559986001200565999001500577999001500592YOGYA-0209000003760720090227025256.0 ind  0010-020900000037607 a297.61 a297.61bBag P aBAGHLABAH, Ahmad aPerilaku yang dapat memperpanjang umur dan merubah takdircAhmad Baghlabah ; penerjemah, Muzammal Noer ; penyunting, Kuswaidi, Syafi'ie aCet.1 aYogyakartabMitra Pustakac2003 a160 hlmc20 cm aJudul asli : Risalatun fi ma yazidul a'mar wa yaroddul qodho aBibliografi : hlm.131-134 aIndeks aIslam dan Humanisme aNur, Muzammal aSyafi'ie, Kuswaidi aYOPDYOG(B) a05-02-2006 a2 aMrrtrev a05B0012335 a05B0012336